Organizational behavior / (Record no. 12893)
[ view plain ]
| 000 -LEADER | |
|---|---|
| fixed length control field | 01770cam a22004455a 4500 |
| 001 - CONTROL NUMBER | |
| control field | 15122679 |
| 003 - CONTROL NUMBER IDENTIFIER | |
| control field | EG-ScBUE |
| 005 - DATE AND TIME OF LATEST TRANSACTION | |
| control field | 20200317123042.0 |
| 008 - FIXED-LENGTH DATA ELEMENTS--GENERAL INFORMATION | |
| fixed length control field | 071227t2009 njua f b 001 0 eng d |
| 020 ## - INTERNATIONAL STANDARD BOOK NUMBER | |
| International Standard Book Number | 9780132079648 (pbk.) |
| 020 ## - INTERNATIONAL STANDARD BOOK NUMBER | |
| International Standard Book Number | 013207964X (pbk.) |
| 035 ## - SYSTEM CONTROL NUMBER | |
| System control number | (OCoLC)ocn185123461 |
| 040 ## - CATALOGING SOURCE | |
| Original cataloging agency | DLC |
| Language of cataloging | eng |
| Description conventions | rda |
| Transcribing agency | DLC |
| Modifying agency | YDX |
| -- | YDXCP |
| -- | BAKER |
| -- | UKM |
| -- | BTCTA |
| -- | DLC |
| -- | EG-ScBUE |
| 041 0# - LANGUAGE CODE | |
| Language code of text/sound track or separate title | eng |
| Language code of summary or abstract/overprinted title or subtitle | eng |
| 082 04 - DEWEY DECIMAL CLASSIFICATION NUMBER | |
| Classification number | 658.3 |
| Item number | ROB |
| Edition number | 22 |
| 100 1# - MAIN ENTRY--PERSONAL NAME | |
| Personal name | Robbins, Stephen P., |
| Dates associated with a name | 1943- |
| Relator term | author. |
| 245 10 - TITLE STATEMENT | |
| Title | Organizational behavior / |
| Statement of responsibility, etc | Stephen P. Robbins, San Diego State University, Timothy A. Judge, University of Florida. |
| 250 ## - EDITION STATEMENT | |
| Edition statement | Thirteenth edition. |
| 250 ## - EDITION STATEMENT | |
| Edition statement | Pearson international edition. |
| 264 #1 - PUBLICATION, DISTRIBUTION, ETC. (IMPRINT) | |
| Place of publication, distribution, etc | Upper Saddle River, NJ : |
| Name of publisher, distributor, etc | Pearson/Prentice Hall, |
| Date of publication, distribution, etc | [2009] |
| 264 #4 - PUBLICATION, DISTRIBUTION, ETC. (IMPRINT) | |
| Date of publication, distribution, etc | c2009 |
| 300 ## - PHYSICAL DESCRIPTION | |
| Extent | 750 pages : |
| Other physical details | illustrations (chiefly color) ; |
| Dimensions | 29 cm |
| 336 ## - CONTENT TYPE | |
| Source | rdacontent |
| Content type term | text |
| Content type code | txt |
| 337 ## - MEDIA TYPE | |
| Source | rdamedia |
| Media type term | unmediated |
| Media type code | n |
| 338 ## - CARRIER TYPE | |
| Source | rdacarrier |
| Carrier type term | volume |
| Carrier type code | nc |
| 500 ## - GENERAL NOTE | |
| General note | Includes appendix.<br/> |
| 504 ## - BIBLIOGRAPHY, ETC. NOTE | |
| Bibliography, etc | Includes bibliographical references and index. |
| 520 ## - SUMMARY, ETC. | |
| Summary, etc | For undergraduate and graduate courses in organizational behavior. Robbins/Judge provides the research you want in the language your students understand; accompanied with the best selling self-assessment software, SAL. |
| 546 ## - LANGUAGE NOTE | |
| Language note | In English; summary in English. |
| 590 ## - LOCAL NOTE (RLIN) | |
| Local note | Mohamed Hussein |
| 650 #7 - SUBJECT ADDED ENTRY--TOPICAL TERM | |
| Topical term or geographic name as entry element | Organizational behavior. |
| Source of heading or term | BUEsh |
| 650 #7 - SUBJECT ADDED ENTRY--TOPICAL TERM | |
| Topical term or geographic name as entry element | Personnel management. |
| Source of heading or term | BUEsh |
| 651 ## - SUBJECT ADDED ENTRY--GEOGRAPHIC NAME | |
| Source of heading or term | BUEsh |
| 653 ## - INDEX TERM--UNCONTROLLED | |
| Resource For college | Engineering, General |
| Arrived date list | August2015 |
| 655 ## - INDEX TERM--GENRE/FORM | |
| Form subdivision | Reading book |
| 9 (RLIN) | 34232 |
| 700 1# - ADDED ENTRY--PERSONAL NAME | |
| Personal name | Judge, Tim, |
| Relator term | author. |
| 942 ## - ADDED ENTRY ELEMENTS (KOHA) | |
| Source of classification or shelving scheme | Dewey Decimal Classification |
| Koha item type | Book - Borrowing |
| Withdrawn status | Lost status | Source of classification or shelving scheme | Materials specified (bound volume or other part) | Damaged status | Not for loan | Home library | Current library | Shelving location | Date acquired | Source of acquisition | Total Checkouts | Total Renewals | Full call number | Barcode | Date last seen | Date checked out | Koha item type | Collection code | Price effective from |
|---|---|---|---|---|---|---|---|---|---|---|---|---|---|---|---|---|---|---|---|
| Lost | Dewey Decimal Classification | Lost In Inventory_2005-2015/8/22 | Central Library | Central Library | First floor | 16/10/2008 | Purchase | 12 | 19 | 658.3 ROB | 000014034 | 11/01/2010 | 20/12/2009 | Book - Borrowing | |||||
| Dewey Decimal Classification | Central Library | Central Library | First floor | 16/10/2008 | Purchase | 14 | 4 | 658.3 ROB | 000014035 | 15/07/2025 | 31/03/2011 | Book - Borrowing | |||||||
| Dewey Decimal Classification | Central Library | Central Library | First floor | 16/10/2008 | Purchase | 7 | 4 | 658.3 ROB | 000014037 | 15/07/2025 | 28/09/2009 | Book - Borrowing | |||||||
| Dewey Decimal Classification | Central Library | Central Library | First floor | 16/10/2008 | Purchase | 8 | 65 | 658.3 ROB | 000014038 | 15/07/2025 | 10/11/2016 | Book - Borrowing | |||||||
| Lost and Paid For | Dewey Decimal Classification | Central Library | Central Library | First floor | 16/10/2008 | Purchase | 5 | 3 | 658.3 ROB | 000014039 | 05/09/2011 | 15/02/2009 | Book - Borrowing | ||||||
| Lost | Dewey Decimal Classification | Lost In Inventory_2005-2015/8/22 | Central Library | Central Library | First floor | 16/10/2008 | Purchase | 12 | 27 | 658.3 ROB | 000014040 | 07/10/2010 | 27/09/2010 | Book - Borrowing | |||||
| Dewey Decimal Classification | Central Library | Central Library | First floor | 16/10/2008 | Purchase | 16 | 8 | 658.3 ROB | 000014042 | 15/07/2025 | 18/03/2019 | Book - Borrowing | |||||||
| Lost | Dewey Decimal Classification | Lost In Inventory_2005-2015/8/22 | Central Library | Central Library | First floor | 12/11/2009 | 1 | 658.3 ROB | 000018920 | 24/11/2009 | 16/11/2009 | Book - Borrowing | Baccah | ||||||
| Dewey Decimal Classification | Central Library | Central Library | First floor | 12/11/2009 | 4 | 5 | 658.3 ROB | 000018919 | 15/07/2025 | 23/03/2011 | Book - Borrowing | 12/11/2009 | |||||||
| Dewey Decimal Classification | Central Library | Central Library | First floor | 12/11/2009 | 11 | 20 | 658.3 ROB | 000018918 | 15/07/2025 | 17/11/2015 | Book - Borrowing | 12/11/2009 | |||||||
| Dewey Decimal Classification | Central Library | Central Library | First floor | 09/03/2011 | 3 | 3 | 658.3 ROB | 000022842 | 15/07/2025 | 04/11/2015 | Book - Borrowing | Baccah | |||||||
| Lost | Dewey Decimal Classification | Lost In Inventory_2005-2015/8/22 | Central Library | Central Library | First floor | 04/07/2011 | 658.3 ROB | 000013988 | 11/09/2013 | NB - Book (Non borrowing) | |||||||||
| Dewey Decimal Classification | Central Library | Central Library | First floor | 17/03/2020 | Purchase | 658.3 ROB | 000049027 | 15/07/2025 | Book - Borrowing | Baccah | 17/03/2020 |